| 000 | 01040nam a2200217Ia 4500 | ||
|---|---|---|---|
| 003 | Ost | ||
| 005 | 20260507075614.0 | ||
| 008 | 260507s9999||||xx |||||||||||||| ||und|| | ||
| 020 | _a9789961018224 | ||
| 040 | _cfsecg | ||
| 041 | _aara | ||
| 082 | _a658.848 | ||
| 100 |
_aنوري، منير _eمؤلف |
||
| 245 | 0 |
_aالتسويق الدولي / _c منير نوري |
|
| 260 |
_aالجزائر: _bديوان المطبوعات الجامعية, _c2015 |
||
| 300 |
_a416 صفحة؛ _bإيضاحات ؛ _c22 سم |
||
| 504 | _aالمراجع ص.403 | ||
| 520 | _aتناول هذا الكتاب موضوع التسويق الدولي، حيث تحدث من خلال فصوله عن التسويق وماهية التسويق الدولي، وعن البيئة التسويقية الدولية وطرق غزو الأسواق الأجنبية، بالاضافة الى المنتج الدوليوسياسة التسعير والتوزيع والترويج الدولي. | ||
| 653 | _aالتسويق الدولي | ||
| 942 | _cكتاب | ||
| 999 |
_c45100 _d45100 |
||